Welcome to CU Library Online Public Access Catalogue (OPAC)

AUDITING AND ASSURANCE SERVICES (Record no. 8759)

MARC details
000 -LEADER
fixed length control field 00407nam a22001697a 4500
005 - DATE AND TIME OF LATEST TRANSACTION
control field 20260217175124.0
008 - FIXED-LENGTH DATA ELEMENTS--GENERAL INFORMATION
fixed length control field CU66
020 ## - INTERNATIONAL STANDARD BOOK NUMBER
International Standard Book Number 9780077104177
050 ## - LIBRARY OF CONGRESS CALL NUMBER
Classification number HF 5667 EIL
100 ## - MAIN ENTRY--PERSONAL NAME
Personal name EILIFSEN,AASMUND
245 ## - TITLE STATEMENT
Title AUDITING AND ASSURANCE SERVICES
260 ## - PUBLICATION, DISTRIBUTION, ETC.
Place of publication, distribution, etc. LONDON
Name of publisher, distributor, etc. McGRAW HILL
Date of publication, distribution, etc. 2006
300 ## - PHYSICAL DESCRIPTION
Extent XXIV,678p.,TABLES,ILLUS.
500 ## - GENERAL NOTE
General note INDEX
700 ## - ADDED ENTRY--PERSONAL NAME
Personal name MESSIEER, WILLIAM F.
942 ## - ADDED ENTRY ELEMENTS (KOHA)
Source of classification or shelving scheme Library of Congress Classification
Koha item type Books
Suppress in OPAC No
999 ## -
-- 8759
-- 8759
Holdings
Withdrawn status Lost status Source of classification or shelving scheme Damaged status Not for loan Home library Current library Shelving location Date acquired Total checkouts Full call number Barcode Date last seen Price effective from Koha item type Collection Copy number Public note
    Library of Congress Classification     Graduate Library (Christ Temple) Graduate Library (Christ Temple) General stacks 02/17/2026   HF 5667 EIL gsct00002647 02/17/2026 02/17/2026 Books      
    Library of Congress Classification     Graduate Library (Christ Temple) Graduate Library (Christ Temple) General stacks 02/23/2026   HF5667 EIL GSCT00002865 02/23/2026 02/23/2026 Books Non-fiction 1 EAQ
© 2023-2024 Copyright: Central University Libraries. All Rights Reserved | Created by: Mahone Tech Office